Cities with 25+ million people - Statistics

General Stats
  • This quiz has been taken 52 times
  • The average score is 7 of 9
Answer Stats
Population Answer % Correct
41.0 Tokyo
96%
40.8 Shanghai
93%
27.1 Mumbai
84%
34.6 Delhi
82%
70.1 Guangzhou
82%
25.1 Mexico City
69%
29.2 Jakarta
67%
27.2 Manila
67%
25.1 Seoul
60%
No matching quizzes found
Score Distribution
Percent of People with Each Score
Percentile by Number Answered
Your Score History
You have not taken this quiz